Personnages de Blanche-Neige et les 7 nains - Statistiques

Statistiques générales
  • Ce quiz a été pris 97 fois
    36 depuis la dernière actualisation
  • Le résultat moyen est 9 sur 12
Statistiques - réponses
Personnages % Correct
Blanche-Neige
92%
Grincheux
92%
Atchoum
85%
Dormeur
85%
Joyeux
81%
La Méchante Reine
81%
Le Prince
81%
Prof
77%
Simplet
77%
Timide
73%
Le Chasseur
69%
Le Miroir Magique
42%
Aucun quiz correspondant
Distribution des résultats
% des personnes avec chaque résultat
Percentile par nombre de réponses
Votre historique - résultats
Vous n’avez pas pris ce quiz depuis la dernière actualisation